00856nam a2200253 a 4500008004100000020003200041040002500073041001300098044001100111080001000122100002400132245010400156250001300260260004800273300002800321490001400349500002500363700003300388700003500421700002700456958000600483999001700489952009600506951213s1984||||[C 0 slo c c25 Kčs. q(11700 výtl.) aSNKbslocSNKeAACR21 aslohfre axocSK a840-31 aDéon, Michel4aut10aFialový taxíkcMichel Déon ; Ladislav Lapšanský, Ladislav Lapšanský, Svetozár Mydlo a1., vyd. aBratislavabSmenac1984eBratislavafPravda a285 s., 17,61 AHc20 cm0 aŠtafeta aRozlož. tit. list.1 aLapšanský, Ladislav4trl1 aLapšanský, Ladislav4[ADC]1 aMydlo, Svetozár4bkd aA c10379d10379 001040708Ka10000b10000d2019-11-29g25.00i09766oB 3946r2019-11-29w2019-11-29yKLDO